Noms de famille normands (Record no. 159867)
[ view plain ]
| 000 -LEADER | |
|---|---|
| campo de control de longitud fija | 00952nam a22002055i 4500 |
| 001 - NÚMERO DE CONTROL | |
| campo de control | 159867 |
| 003 - IDENTIFICADOR DE NÚMERO DE CONTROL | |
| campo de control | ES-MaACL |
| 005 - FECHA Y HORA DE LA ÚLTIMA TRANSACCIÓN | |
| campo de control | 20230906211837.0 |
| 008 - DATOS DE LONGITUD FIJA--INFORMACIÓN GENERAL | |
| campo de control de longitud fija | 040927s1875 fr |||| | fre d |
| 040 ## - FUENTE DE CATALOGACIÓN | |
| Centro catalogador/agencia de origen | CAM |
| Lengua de catalogación | spa |
| Centro/agencia transcriptor | CAM |
| 100 1# - ENTRADA PRINCIPAL--NOMBRE DE PERSONA | |
| Nombre de persona | Moisy, Henri. |
| 9 (RLIN) | 130012 |
| 245 10 - MENCIÓN DEL TÍTULO | |
| Título | Noms de famille normands |
| Resto del título | : étudiés dans leurs rapports avec la vieille langua et spéciealement avec le dialecte normand ancien et moderne / |
| Mención de responsabilidad, etc. | par Henri Moisy. |
| 260 ## - PUBLICACIÓN, DISTRIBUCIÓN, ETC. | |
| Lugar de publicación, distribución, etc. | Paris : |
| Nombre del editor, distribuidor, etc. | F. Vieweg libraire éditeur, |
| Fecha de publicación, distribución, etc. | 1875. |
| 300 ## - DESCRIPCIÓN FÍSICA | |
| Extensión | XXIV, 448 p. ; |
| Dimensiones | 22 cm. |
| 490 1# - MENCIÓN DE SERIE | |
| Mención de serie | Recueil de travaux originaux ou traduits relatifs a la philologie et a l'histoire littéraire. Collection philologique ; |
| Designación de volumen o secuencia | 6 |
| 650 #4 - PUNTO DE ACCESO ADICIONAL DE MATERIA--TÉRMINO DE MATERIA | |
| Término de materia o nombre geográfico como elemento de entrada | Lengua francesa- |
| Subdivisión general | Dialectos. |
| 9 (RLIN) | 146166 |
| 830 0# - PUNTO DE ACCESO ADICIONAL DE SERIE-TÍTULO UNIFORME | |
| Título uniforme | Recueil de travaux originaux ou traduits relatifs a la philologie et a l'histoire littéraire. Collection philologique ; |
| Designación de volumen o secuencia | 6 |
| 9 (RLIN) | 221995 |
| 852 ## - LOCALIZACIÓN | |
| Ubicación | ES-MaACL |
| Número de control de estantería | C-6763 |
| Nota libre | -- Enc. hol. |
| Estatus retirado | Estado de pérdida | Estado de daño | No para préstamo | Colección | Biblioteca de origen | Biblioteca actual | Ubicación en estantería | Fecha de adquisición | Fuente de adquisición | Total de préstamos | Signatura topográfica completa | Código de barras | Visto por última vez | Precio de reemplazo | Tipo de ítem Koha |
|---|---|---|---|---|---|---|---|---|---|---|---|---|---|---|---|
| Libros del s. XIX | Biblioteca del Ateneo de Madrid | Biblioteca del Ateneo de Madrid | Sala Palomar | 17/01/2008 | C-6763 | 1167357 | 23/02/2023 | 23/02/2023 | Libro impreso antiguo |
